Information technology for travel and tourism /

This book is about: The travel and tourism environment; Tourism; Suppliers; Distribution systems; The Internet; ...

সংরক্ষণ করুন:
গ্রন্থ-পঞ্জীর বিবরন
প্রধান লেখক: Inkpen, Gary.
বিন্যাস: গ্রন্থ
ভাষা:English
প্রকাশিত: Harlow, England : Longman, 1998.
সংস্করন:2nd ed.
বিষয়গুলি:
ট্যাগগুলো: ট্যাগ যুক্ত করুন
কোনো ট্যাগ নেই, প্রথমজন হিসাবে ট্যাগ করুন!
Thư viện lưu trữ: Mạng thư viện Đại học Đà Nẵng
LEADER 01032cam a2200361 i 4500
001 000048042
003 7740
005 20030313091237.0
008 010316|1998 vm 000 eng
020 |a 0582310024 
040 |a IRC  |c IRC  |d IRC 
041 0 |a eng 
082 1 4 |a 338.4791  |b IN-G 
100 1 |a Inkpen, Gary. 
245 0 0 |a Information technology for travel and tourism /  |c Gary Inkpen. 
250 |a 2nd ed. 
260 |a Harlow, England :  |b Longman,  |c 1998. 
300 |a x, 387 p. :  |b ill. ;  |c 24.5cm. 
520 3 |a This book is about: The travel and tourism environment; Tourism; Suppliers; Distribution systems; The Internet; ... 
630 0 4 |a Tourism. 
630 0 4 |a Data processing. 
650 0 4 |a Tourism  |x Information services. 
650 0 4 |a Tourism  |x Data processing. 
OWN |a DUT 
999 |a From the UDN01 
TYP |a Monograph 
TYP |a Printed language 
980 |a Mạng thư viện Đại học Đà Nẵng